000 00942nam a22002417a 4500
999 _c1072
_d1072
003 AR-CdUCM
008 190226b ||||| |||| 00| 0 spa d
040 _aMUNICIPALIDAD PROVINCIAL DEL CUSCO
_cBIBLIOTECA MUNICIPAL DEL CUSCO
082 _a949.7 /
_bB84
100 _aBroz Tito, Josip
_94026
245 _aLa Vía Yugoslava :
_bPCY-LCY 1919-1980 /
260 _aSerbia :
_bIzdaje ;
_c1983.
300 _a296 páginas
_c20cm
505 _aFundación del Partido Comunista de Yugoslavia -- La lucha por la igualdad de derechos nacionales y la libertad -- Realización de las conquistas de la guerra y de la revolución -- El centralismo democrático -- La esencia de la vía Yugoslava hacia el socialismo
650 _asocialismo
_94183
650 _acomunista
_94184
650 _alucha
_94185
650 _aliberación
_94031
650 _aYugoslavia
_94186
710 _aCAS
_93481
942 _2ddc
_cLIBROS
945 _anom
_d2019-02-26